Developmental environment of the mastership program; Advances in Computer Science Research; Vol. 51 : Information Technologies in Science, Management, Social Sphere and Medicine (ITSMSSM 2016)

Podrobná bibliografie
Parent link:Advances in Computer Science Research
Vol. 51 : Information Technologies in Science, Management, Social Sphere and Medicine (ITSMSSM 2016).— 2016.— [P. 485-489]
Hlavní autor: Kornienko N. A. Nina Alekseevna
Korporace: Национальный исследовательский Томский политехнический университет (ТПУ) Юргинский технологический институт (филиал) (ЮТИ) Кафедра информационных систем (ИС), Национальный исследовательский Томский политехнический университет (ТПУ) Юргинский технологический институт (филиал) (ЮТИ) Кафедра технологии машиностроения (ТМС)
Další autoři: Korchuganova M. A. Marina Anatolievna, Syrbakov A. P. Andrey Pavlovich
Shrnutí:Title screen
This article reveals the developmental environment of the mastership program "Agricultural engineering", research work on the self-actualization of the personality, some studying problems of mastership students and the necessity of opening of scientific labs and centers in which mastership students could improve their development and project realization skills.
Jazyk:angličtina
Vydáno: 2016
Témata:
On-line přístup:http://dx.doi.org/10.2991/itsmssm-16.2016.51
Médium: MixedMaterials Elektronický zdroj Kapitola
KOHA link:https://koha.lib.tpu.ru/cgi-bin/koha/opac-detail.pl?biblionumber=654146

MARC

LEADER 00000nla2a2200000 4500
001 654146
005 20231102025958.0
035 |a (RuTPU)RU\TPU\network\19673 
090 |a 654146 
100 |a 20170413a2016 k y0engy50 ba 
101 0 |a eng 
102 |a FR 
105 |a y z 100zy 
135 |a drcn ---uucaa 
181 0 |a i  
182 0 |a b 
200 1 |a Developmental environment of the mastership program  |f N. A. Kornienko, M. A. Korchuganova, A. P. Syrbakov 
203 |a Text  |c electronic 
300 |a Title screen 
320 |a [References: p. 489 (8 tit.)] 
330 |a This article reveals the developmental environment of the mastership program "Agricultural engineering", research work on the self-actualization of the personality, some studying problems of mastership students and the necessity of opening of scientific labs and centers in which mastership students could improve their development and project realization skills. 
461 1 |0 (RuTPU)RU\TPU\network\18167  |t Advances in Computer Science Research 
463 0 |0 (RuTPU)RU\TPU\network\18169  |t Vol. 51 : Information Technologies in Science, Management, Social Sphere and Medicine (ITSMSSM 2016)  |o III International Scientific Conference, May 23-26, 2016, Tomsk, Russia  |o [proceedings]  |f National Research Tomsk Polytechnic University (TPU) ; eds. O. G. Berestneva, A. Tikhomirov, A. Trufanov  |v [P. 485-489]  |d 2016 
610 1 |a электронный ресурс 
610 1 |a труды учёных ТПУ 
610 1 |a образование 
610 1 |a воспитание 
610 1 |a развитие 
610 1 |a личность 
610 1 |a научная работа 
610 1 |a проекты 
700 1 |a Kornienko  |b N. A.  |g Nina Alekseevna 
701 1 |a Korchuganova  |b M. A.  |c specialist in the field of informatics and computer engineering  |c Associate Professor of Yurga technological Institute of Tomsk Polytechnic University  |f 1972-  |g Marina Anatolievna  |2 stltpush  |3 (RuTPU)RU\TPU\pers\34645  |9 18007 
701 1 |a Syrbakov  |b A. P.  |c specialist in the field of mechanical engineering  |c Associate Professor of Yurga technological Institute of Tomsk Polytechnic University, candidate of technical sciences  |f 1975-  |g Andrey Pavlovich  |2 stltpush  |3 (RuTPU)RU\TPU\pers\35615  |9 18784 
712 0 2 |a Национальный исследовательский Томский политехнический университет (ТПУ)  |b Юргинский технологический институт (филиал) (ЮТИ)  |b Кафедра информационных систем (ИС)  |h 1492  |2 stltpush  |3 (RuTPU)RU\TPU\col\18893 
712 0 2 |a Национальный исследовательский Томский политехнический университет (ТПУ)  |b Юргинский технологический институт (филиал) (ЮТИ)  |b Кафедра технологии машиностроения (ТМС)  |h 356  |2 stltpush  |3 (RuTPU)RU\TPU\col\18902 
801 2 |a RU  |b 63413507  |c 20180213  |g RCR 
856 4 |u http://dx.doi.org/10.2991/itsmssm-16.2016.51 
942 |c CF